|
|
|
|
| LEADER |
00000cam a2200000 7i4500 |
| 001 |
0000001727 |
| 005 |
20011107.0 |
| 090 |
0 |
0 |
|a 577.69809598
|b USU 1993
|
| 245 |
0 |
0 |
|a USULAN strategi nasional pengelolaan hutan mangrove Indonesia .
|l National strategy for mangrove forest management in Indonesia
|
| 260 |
0 |
0 |
|a Jakarta :
|b Yayasan Mangrove ,
|c 1993
|
| 300 |
|
|
|a 49 p. ;
|c 27 cm.
|
| 500 |
0 |
0 |
|a Bibliography: p. 41-44
|
| 650 |
0 |
0 |
|a Mangrove swamp conservation
|z Indonesia
|
| 650 |
0 |
0 |
|a Mangrove swamps ecology
|z Indonesia
|
| 650 |
0 |
0 |
|a Mangrove swamps
|z Indonesia
|
| 998 |
|
|
|a JPSM
|
| 999 |
|
|
|a 0000002657
|b Monograph
|c Open Shelf
|e Default branch
|